Statistics for Microsoft Windows

Click here to take the quiz!

General Stats

  • This quiz has been taken 278 times
    (277 since last reset)
  • The average score is 13 of 19

Answer Stats

Year ReleasedAnswer% Correct
2009Windows 7
92%
2012Windows 8
91%
2001Windows XP
90%
1985Windows 1.0
89%
1987Windows 2.0
88%
2006Windows Vista
84%
1995Windows 95
76%
1998Windows 98
75%
1990Windows 3.0
74%
2000Windows "two thousand"
72%
2000Windows ME
65%
1992Windows 3.1
64%
1988Windows 2.1
58%
1996Windows NT 4.0
55%
2003Windows Server 2003
43%
2005Windows Server 2003 R2
43%
2008Windows Server 2008
43%
2009Windows Server 2008 R2
43%
2012Windows Server 2012
42%

Score Distribution

Percentile by Number Answered

Percent of People with Each Score

Your Score History

You have not taken this quiz since the last reset